000 00296nam a22001337a 4500
008 170908b xxu||||| |||| 00| 0 eng d
020 _a9780131497498
041 _aeng
080 _29 ed
_a91
100 _a42
101 _ageo
245 _aESSENTIAL GEOLOGY
_cLUTGENS.F.K
942 _2udc
_cBK
999 _c26911
_d26911